<?xml version="1.0" encoding="UTF-8"?>
<record
    xmlns:xsi="http://www.w3.org/2001/XMLSchema-instance"
    xsi:schemaLocation="http://www.loc.gov/MARC21/slim http://www.loc.gov/standards/marcxml/schema/MARC21slim.xsd"
    xmlns="http://www.loc.gov/MARC21/slim">

  <leader>02533fam a2200313 a 4500</leader>
  <controlfield tag="001">2386440</controlfield>
  <controlfield tag="003">OSt</controlfield>
  <controlfield tag="005">20220209124155.0</controlfield>
  <controlfield tag="008">990526s2000    maua     b    001 0 eng  </controlfield>
  <datafield tag="010" ind1=" " ind2=" ">
    <subfield code="a">2009920558</subfield>
  </datafield>
  <datafield tag="020" ind1=" " ind2=" ">
    <subfield code="a">9780716771586</subfield>
  </datafield>
  <datafield tag="020" ind1=" " ind2=" ">
    <subfield code="a">0716771586</subfield>
  </datafield>
  <datafield tag="035" ind1=" " ind2=" ">
    <subfield code="a">(OCoLC)41482350</subfield>
  </datafield>
  <datafield tag="035" ind1=" " ind2=" ">
    <subfield code="a">(OCoLC)ocm41482350</subfield>
  </datafield>
  <datafield tag="035" ind1=" " ind2=" ">
    <subfield code="a">(NNC)2386440</subfield>
  </datafield>
  <datafield tag="040" ind1=" " ind2=" ">
    <subfield code="a">DLC</subfield>
    <subfield code="c">LC</subfield>
    <subfield code="d">NNC</subfield>
  </datafield>
  <datafield tag="042" ind1=" " ind2=" ">
    <subfield code="a">pcc</subfield>
  </datafield>
  <datafield tag="050" ind1=" " ind2=" ">
    <subfield code="a">HB171.5.K78</subfield>
  </datafield>
  <datafield tag="100" ind1="1" ind2=" ">
    <subfield code="a">Krugman, Paul R.</subfield>
  </datafield>
  <datafield tag="245" ind1="1" ind2="0">
    <subfield code="a">Economics. /</subfield>
    <subfield code="c">Paul R. Krugman, Robin Wells</subfield>
  </datafield>
  <datafield tag="250" ind1=" " ind2=" ">
    <subfield code="a">2nd ed.</subfield>
  </datafield>
  <datafield tag="260" ind1=" " ind2=" ">
    <subfield code="a">New York:</subfield>
    <subfield code="b">Worth Publishers,</subfield>
    <subfield code="c">2009.</subfield>
  </datafield>
  <datafield tag="300" ind1=" " ind2=" ">
    <subfield code="a">xlv, 940 p.[+ various pagings] :</subfield>
    <subfield code="b">ill. ;</subfield>
  </datafield>
  <datafield tag="504" ind1=" " ind2=" ">
    <subfield code="a">Includes bibliographical references and index.</subfield>
  </datafield>
  <datafield tag="505" ind1=" " ind2=" ">
    <subfield code="a">Contents: 1. What is economics: The ordinary business of life -- First principles -- Economic models: trade-offs and trade -- 2. Supply and demand: Supply and demand -- Consumer and producer surplus -- The Market strikes back -- Elasticity -- 3.Individuals and markets: Taxes -- International trade -- 4. Economics and decision making: Making decisions -- 5. The Consumer: The rational consumer -- Consumer preferences and consumer choice -- 6. The production decision: Behind the supply curve: inputs and costs -- Perfect competition and the supply curve -- 7. Market structure: beyond perfect competition: Monopoly -- Oligopoly -- Monopolistic competition and product differentiation -- 8. Microeconomics and public policy: Externalities -- Public goods and common resources -- The economics of the welfare state -- 9. Factor markets and risk: Factor markets and the distribution of income -- Indifference curve analysis of labor supply -- Uncertainty, risk and private information -- 10. Introduction to macroeconomics: Macroeconomics: the big picture -- Tracking the macroeconomy -- Unemployment and inflation -- 11. Long-run economic growth: Long-run economic growth -- Savings, investment spending and the financial system -- 12. Short-run economic fluctuations: Income and expenditure -- Deriving the multiplier algebraically --  Aggregate demand and aggregate supply -- 13. Stabilization policy: Fiscal policy -- Taxes and the multiplier -- Money, banking and the federal reserve system -- Monetary policy -- Reconciling the two models of the interest rate -- Inflation, disinflation and deflation -- 14. Events and ideas: Macroeconomics: events and ideas -- 15. The Open economy: Open-economy macroeconomics -- </subfield>
  </datafield>
  <datafield tag="650" ind1=" " ind2=" ">
    <subfield code="v">Economics</subfield>
  </datafield>
  <datafield tag="700" ind1=" " ind2=" ">
    <subfield code="q">Wells, Robin</subfield>
  </datafield>
  <datafield tag="942" ind1=" " ind2=" ">
    <subfield code="2">lcc</subfield>
    <subfield code="c">BK</subfield>
  </datafield>
  <datafield tag="999" ind1=" " ind2=" ">
    <subfield code="c">8638</subfield>
    <subfield code="d">16138</subfield>
  </datafield>
  <datafield tag="952" ind1=" " ind2=" ">
    <subfield code="0">0</subfield>
    <subfield code="1">0</subfield>
    <subfield code="2">lcc</subfield>
    <subfield code="4">0</subfield>
    <subfield code="7">0</subfield>
    <subfield code="a">WIUC-KL</subfield>
    <subfield code="b">WIUC-KL</subfield>
    <subfield code="c">GEN</subfield>
    <subfield code="d">2019-10-23</subfield>
    <subfield code="e">STM</subfield>
    <subfield code="o"> HB171.5.K78(2e)</subfield>
    <subfield code="p">K/336/336/19</subfield>
    <subfield code="r">2022-02-09 00:00:00</subfield>
    <subfield code="w">2022-02-09</subfield>
    <subfield code="y">BK</subfield>
  </datafield>
</record>
